| 000 | 00568nam a22001937a 4500 | ||
|---|---|---|---|
| 005 | 20140324114439.0 | ||
| 010 | _aENG-109609 | ||
| 020 |
_c250.00 _a9789382459002 |
||
| 035 | _aEN-93142 | ||
| 037 | _bDBAD/PUB | ||
| 100 | _aArumugam, N. | ||
| 245 |
_aCell biology / _cby N. Arumugam |
||
| 250 | _a8th rev ed | ||
| 260 |
_bSaras Publication _c2012 _aKanyakumari |
||
| 270 |
_bKanyakumari _e629002 _a114/35G, A. R. P. Camp Road, Periavilai, Kottar P. O., Nagercoil |
||
| 300 |
_axvi,528p. : _c20cm(pbk) _bill |
||
| 500 | _aIncludes index | ||
| 942 |
_2ddc _cEN _mARU |
||
| 999 |
_c83148 _d83148 |
||